000 00484nam a2200145 4500
999 _c6255
_d6255
008 170218b xxu||||| |||| 00| 0 eng d
082 _aDPer 910.5 T69 Jan-Aug 2015 v. 1-4
100 _918848
_aCartagena, Angelo Ramirez
245 _aA tale of two islands/
_cAngelo Ramirez Cartagena.
260 _aPhilippines:
_bOne Mega Group,
_c©2015.
300 _av3, page 14:
_billustrations;
_c28 cm.
500 _aTravel Now.
650 0 _918849
_aTourist trade
_zBohol
942 _2ddc
_cPER